[Event "IECC KO email"]
[Site "IECC email"]
[Date "2002.12.02"]
[Round "?"]
[White "Norvoll, Pal I"]
[Black "Cehajic, Mustafa"]
[Result "1/2-1/2"]
[WhiteElo "1498"]
[BlackElo "2060"]
[PlyCount "41"]
[EventDate "2002.??.??"]
[EventType "tourn (corr)"]
[EventRounds "6"]
[SourceTitle "Corr 2008"]
[Source "ChessBase"]
[SourceDate "2008.06.24"]
[SourceVersion "1"]
[SourceVersionDate "2008.06.24"]
[SourceQuality "1"]

1. e4 e5 2. Nf3 Nc6 3. d4 exd4 4. Nxd4 Qh4 5. Nb5 Qxe4+ 6. Be2 Kd8 7. 0-0 a6 8. Nd2 Qg6 9. Nc3 d6 10. Bh5 Qf5 11. Nde4 g6 12. Bf3 Ne5 13. Be2 Bg7 14. Re1 Nf6 15. Bg5 h6 16. Nxd6 cxd6 17. Qxd6+ Bd7 18. Nd5 hxg5 19. Qe7+ Kc8 20. Qc5+ Kb8 21. Qc7+ 1/2-1/2

[Event "IECC M email"]
[Site "IECC email"]
[Date "2001.10.15"]
[Round "?"]
[White "Norvoll, Pal I"]
[Black "Sala, Stefano"]
[Result "1-0"]
[WhiteElo "1440"]
[BlackElo "1544"]
[PlyCount "75"]
[EventDate "2001.??.??"]
[EventType "tourn (corr)"]
[EventRounds "6"]
[SourceTitle "Corr 2008"]
[Source "ChessBase"]
[SourceDate "2008.06.24"]
[SourceVersion "1"]
[SourceVersionDate "2008.06.24"]
[SourceQuality "1"]

1. e4 c6 2. d4 d5 3. Nc3 dxe4 4. Nxe4 Bf5 5. Ng3 Bg6 6. f4 e6 7. Nf3 Bd6 8. Be2 Qc7 9. Ne5 Ne7 10. 0-0 0-0 11. Bg4 f5 12. Bf3 Nd7 13. Qe2 Bxe5 14. fxe5 Qb6 15. Qf2 c5 16. dxc5 Qxc5 17. Qxc5 Nxc5 18. Bg5 Rfe8 19. h4 h6 20. Be3 Ne4 21. Bxe4 fxe4 22. h5 Bh7 23. Rad1 Rad8 24. Bxa7 Rxd1 25. Rxd1 Nc6 26. Bf2 Ra8 27. Rd7 Rxa2 28. Rxb7 Ra1+ 29. Kh2 g5 30. Rb5 Rc1 31. c3 Rc2 32. Be3 Bf5 33. Rc5 Ne7 34. b4 Bg4 35. Nxe4 Bf3 36. Nf6+ Kf8 37. Kg1 Rxg2+ 38. Kf1 1-0

[Event "IECC Trio 630 email"]
[Site "IECC email"]
[Date "1998.10.10"]
[Round "?"]
[White "Bennett, Gary"]
[Black "Norvoll, Pal I"]
[Result "1-0"]
[WhiteElo "1452"]
[BlackElo "1452"]
[PlyCount "73"]
[EventDate "1998.??.??"]
[EventType "tourn (corr)"]
[EventRounds "4"]
[SourceTitle "Corr 2008"]
[Source "ChessBase"]
[SourceDate "2008.06.24"]
[SourceVersion "1"]
[SourceVersionDate "2008.06.24"]
[SourceQuality "1"]

1. c4 c5 2. Nf3 Nc6 3. Nc3 Nf6 4. d4 cxd4 5. Nxd4 Nxd4 6. Qxd4 g6 7. Bg5 Bg7 8. e4 d6 9. c5 Nh5 10. Qb4 dxc5 11. Qxc5 Bd7 12. Rd1 a6 13. Nd5 Rc8 14. Qb6 Qxb6 15. Nxb6 Rd8 16. Nxd7 Rxd7 17. Rxd7 Kxd7 18. b3 Rc8 19. Bc4 Bc3+ 20. Ke2 e6 21. Rd1+ Ke8 22. Rc1 b5 23. Rxc3 bxc4 24. g4 Ng7 25. Bh6 Kf8 26. Rxc4 Ra8 27. f4 Kg8 28. Ke3 Ne8 29. e5 f6 30. Rc6 Kf7 31. h3 Ra7 32. a4 Nc7 33. exf6 Nd5+ 34. Kd4 Nxf6 35. b4 Ng8 36. Bg5 h6 37. Bh4 1-0